000 00316nam a2200133Ia 4500
005 20251222143311.0
008 251222s9999||||xx |||||||||||||| ||spa||
020 _a9978-9720-5-4
082 _a322.485/D71
100 _aDíaz Palacios, Julio
245 0 _aLa Incidencia Política:
264 _bDFID
942 _cLIB
999 _c15727
_d15727